| 000 | 01217cam a2200313 a 4500 | ||
|---|---|---|---|
| 001 | 13123975 | ||
| 003 | NUST | ||
| 005 | 20230413081334.0 | ||
| 008 | 030314s2003 enka b 001 0 eng | ||
| 010 | _a 2003045080 | ||
| 020 | _a0470851236 (pbk. : alk. paper) | ||
| 040 |
_aDLC _cDLC _dDLC |
||
| 050 | 0 | 0 |
_aQE471 _b.T84 2003 |
| 082 | 0 | 0 |
_a552.5 _221 _bTUC |
| 100 | 1 |
_aTucker, Maurice E. _9111839 |
|
| 245 | 1 | 0 |
_aSedimentary rocks in the field / _cMaurice E. Tucker. |
| 250 | _a3rd ed. | ||
| 260 |
_aWest Sussex, England ; _aHoboken, NJ : _bJ. Wiley, _cc2003. |
||
| 300 |
_aix, 234 p. : _bill. ; _c18 cm. |
||
| 440 | 4 |
_aThe geological field guide series _9111840 |
|
| 504 | _aIncludes bibliographical references (p. 225-228) and index. | ||
| 650 | 0 |
_aSedimentary rocks. _925534 |
|
| 650 | 0 |
_aPetrology _xFieldwork. _9111841 |
|
| 856 | 4 | 2 |
_3Publisher description _uhttp://www.loc.gov/catdir/description/wiley039/2003045080.html |
| 856 | 4 | 1 |
_3Table of contents _uhttp://www.loc.gov/catdir/toc/wiley032/2003045080.html |
| 906 |
_a7 _bcbc _corignew _d1 _eocip _f20 _gy-gencatlg |
||
| 942 |
_2ddc _cBK |
||
| 999 |
_c594481 _d594481 |
||